1745 1568 1192 1814 1312 1548 1727 1851 1887 1729 1899 1477 1774 1760 1332 1178 1812 1724 1915 1172 1057 1413 1891 1725 1151 1661 1949 1304 1648 1871 1633 1056 1795 1447 1317 1937 1339 1160 1612 1006 1337 1814 1806 1008 1182 1433 1928 1258 1270 1432 1325 1963 1717 1894 1006 1092 1567 1629 1023 1826 1517 1020 1749 1167 1985 1606 1967 1973 1690 1013 1767 1039 1011 1706 1306 1240 1791 1267 1539 1560 1032 1832 1734 1684 1672 1120 1803 1772 1828 1849 1009 1957 1349 1341 1659 1412 1066 1691 1048 BCNSPRNW ULIB Ver.6.0+V

เปลี่ยนเป็นภาษาไทย

Change to English
 แสดงรายละเอียดบรรณานุกรม
  กลับหน้าหลัก

Brief Record : Get Marc (ISO 2709) : E-mail record : QR code < ปิดหน้าต่าง
LEADER : 00000nam 2200000uu 4500
001    13399109088
003     ULIB
008    110220s2549||||th 000 0 tha d
060  4 WS460^bส31ค 2549
100 0  ศรีสุดา เอกลัคนารัตน์
245 00 คู่มือการสร้างเสริมสุขภาพเด็ก/^cศรีสุดา เอกลัคนารัตน์
260    นครสวรรค์:^bวิทยาลัยพยาบาลบรมราชชนนี สวรรค์ประชารักษ์ นครสวรรค์,^c2549
300    50 หน้า
650  7 การสร้างเสริมสุขภาพเด็ก
650  7 เด็ก^xการสร้างเสริมสุขภาพ
710 2  กระทรวงสาธารณสุข.^bสถาบันพระบรมราชนก.^bวิทยาลัยพยาบาลบรมราชชนนี สวรรค์ประชารักษ์ นครสวรรค์.
995    ทศพร
999 ^a ใช้งานได้ทุกระบบ
รายการนี้ยังไม่มีแท็ก
คุณยังไม่ได้ล็อกอิน คุณสามารถมีกิจกรรมร่วมกับเว็บไซต์ได้ แต่ต้องล็อกอินก่อน ::
  ล็อกอิน

รายการสื่อสารสนเทศ

ลำดับที่ ประเภท เลขเรียก/บาร์โค้ด สถานที่ สถานะ
- ไม่พบข้อมูล -

รายการใกล้เคียง
    ผู้แต่ง [ศรีสุดา เอกลัคนารัตน์]

    หัวเรื่อง [การสร้างเสริมสุขภาพเด็ก]

BibComment


ยังไม่เคยถูกคอมเมนท์

คอมเมนท์ทรัพยากรรายการนี้
  คอมเมนท์: คู่มือการสร้างเสร..


 Copyright 2026. Bcnsprnw @Library